Návrh svietidla pre stimuláciu biorytmov

Salvato in:
Dettagli Bibliografici
Autore principale: Síleš, Juraj, 1984- (Autore)
Altri autori: Krasňan, František, 1973- (Relatore della tesi)
Natura: Manoscritto Libro
Lingua:slovacco
Pubblicazione: Bratislava : STU v Bratislave FEI, 2011
Soggetti:
Accesso online:VAIS
Tags: Aggiungi Tag
Nessun Tag, puoi essere il primo ad aggiungerne!!

MARC

LEADER 00000ntm a22000003a 4500
001 stu230647
005 20150617230140.8
008 110709s2011----xo------------------slo-d
040 |a STU  |b slo 
041 0 |a slo 
044 |a xo 
100 1 |a Síleš, Juraj,  |d 1984-  |4 aut  |u E  |T FEI Fakulta elektrotechniky a informatiky  |X 12276  |U E  |Y 30  |7 A000012276 
242 0 0 |a Design of lighting device for human biorythm  |y eng 
245 1 |a Návrh svietidla pre stimuláciu biorytmov 
260 |a Bratislava :  |b STU v Bratislave FEI,  |c 2011 
300 |a 71 s 
650 7 |a Elektroenergetika  |2 stusub 
650 7 |a Power machinery  |2 estusub 
650 7 |a slnečné žiarenie  |2 stusub 
650 7 |a elektrotechnika  |2 stusub 
650 7 |a svietidlá  |2 stusub 
700 1 |a Krasňan, František,  |d 1973-  |4 ths  |u E130  |U FEI Fakulta elektrotechniky a informatiky  |T FEI Katedra elektroenergetiky  |X 1882  |U E130  |Y 59  |7 A000001882 
856 4 |a info a plný text  |u http://is.stuba.sk/zp/portal_zp.pl?podrobnosti=72097  |3 VAIS